000 00647cab a2200229 4500
001 X145
008 090401t1992 xxu||||| |||| 00| 0 eng d
035 _a(Sirsi) u64147
041 _aeng
245 _aClient needs must come first in construction says the RICS
260 _c1992
350 _a0
490 _aRICS Press Release
_vPR33/92 10 March 1992 (2)
650 _aABOUT RICS-RICS MEMBERS
650 _aCLIENTS NEEDS
650 _aCONSTRUCTION INDUSTRY COUNCIL CONFERENCE
650 _aMICHAEL PATTISON
650 _aRICS
690 _aMANAGEMENT-BUSINESS MANAGEMENT-PROFESSIONAL PRACTICE
942 _n0
948 _c04/03/1997
999 _c39937
_d39937